| 000 | 00536nam a2200145Ia 4500 | ||
|---|---|---|---|
| 008 | 170221s9999 xx 000 0 und d | ||
| 100 | _aMaznah Mat Kasim | ||
| 245 | _aDevelopment of a Two-dimensional Productivity Measurement Model for Higher Learning Institutions | ||
| 245 | _cMaznah Mat Kasim, Rosmaini Kashim, Rahela Abdul Rahim | ||
| 260 | _bInternational Review of Management and Marketing | ||
| 260 | _c2016 | ||
| 300 | _a6 : 7S | ||
| 650 | _xMarketing. | ||
| 856 | _uhttp://www.econjournals.com/index.php/irmm/issue/view/91 | ||
| 999 |
_c308181 _d308181 |
||